[Event "Huddersfield 4NCL Open"]
[Site "Huddersfield"]
[Date "2025.01.19"]
[Round "5.11"]
[White "Larchikov, Maksym"]
[Black "Quaite, Toby"]
[Result "1/2-1/2"]
[WhiteElo "2187"]
[BlackElo "2094"]
[PlyCount "44"]
[EventDate "2025.01.17"]
[EventType "swiss"]
[EventRounds "5"]
[EventCountry "ENG"]
[SourceTitle "BritBase"]
[Source "John Saunders"]
[SourceDate "2025.09.16"]
[SourceVersion "1"]
[SourceVersionDate "2025.09.16"]
[SourceQuality "1"]

1. d4 Nf6 2. c4 e6 3. Nf3 c5 4. d5 exd5 5. cxd5 d6 6. Nc3 g6 7. e4 Bg7 8. Bd3 O-O 9. O-O Bg4 10. Bf4 Bxf3 11. Qxf3 Nh5 12. Bd2 Nd7 13. Qd1 Re8 14. Qc2 a6 15. a4 Qh4 16. Qc1 Be5 17. h3 Nf4 18. Bxf4 Bxf4 19. Qc2 Ne5 20. Be2 g5 21. Qd1 Kh8 22. Bg4 Nxg4 1/2-1/2

[Event "Huddersfield 4NCL Open"]
[Site "Huddersfield"]
[Date "2025.01.19"]
[Round "5.13"]
[White "Varley, Joe"]
[Black "Hepworth, Peter"]
[Result "1-0"]
[WhiteElo "2127"]
[BlackElo "2027"]
[PlyCount "89"]
[EventDate "2025.01.17"]
[EventType "swiss"]
[EventRounds "5"]
[EventCountry "ENG"]
[SourceTitle "BritBase"]
[Source "John Saunders"]
[SourceDate "2025.09.16"]
[SourceVersion "1"]
[SourceVersionDate "2025.09.16"]
[SourceQuality "1"]

1. e4 e6 2. d4 d5 3. Nd2 Nf6 4. e5 Nfd7 5. Bd3 c5 6. c3 Nc6 7. Ne2 a6 8. O-O b5 9. f4 g6 10. Nf3 c4 11. Bc2 Qb6 12. Kh1 Be7 13. g4 Bb7 14. Ng3 O-O-O 15. Bd2 f5 16. exf6 Bxf6 17. b3 h5 18. g5 h4 19. Ne2 Bg7 20. Bxg6 e5 21. fxe5 Ncxe5 22. Nxe5 Bxe5 23. Bf5 Rhf8 24. Qc2 Bg7 25. Nf4 Bxd4 26. cxd4 Qxd4 27. Ne6 Qe5 28. Nxd8 Rxd8 29. Rae1 Qg7 30. bxc4 dxc4+ 31. Be4 Nc5 32. Bxb7+ Qxb7+ 33. Kg1 Nd3 34. Bf4 Qd5 35. Qg2 Nxf4 36. Rxf4 Qc5+ 37. Kh1 Kc7 38. Rf7+ Kb6 39. g6 Qh5 40. Rf6+ Ka5 41. Qc6 Rd1 42. Qc7+ Kb4 43. Qe7+ Kc3 44. Qa3+ Kc2 45. Rf2+ 1-0

[Event "Huddersfield 4NCL Open"]
[Site "Huddersfield"]
[Date "2025.01.19"]
[Round "5.14"]
[White "Bryant, Harry"]
[Black "Zhu, Yaoyao"]
[Result "0-1"]
[WhiteElo "2022"]
[BlackElo "2091"]
[PlyCount "88"]
[EventDate "2025.01.17"]
[EventType "swiss"]
[EventRounds "5"]
[EventCountry "ENG"]
[SourceTitle "BritBase"]
[Source "John Saunders"]
[SourceDate "2025.09.16"]
[SourceVersion "1"]
[SourceVersionDate "2025.09.16"]
[SourceQuality "1"]

1. Nf3 d5 2. g3 e6 3. Bg2 Nf6 4. c4 d4 5. O-O c5 6. d3 Nc6 7. e4 e5 8. Ne1 Bg4 9. f3 Bh5 10. Qb3 Qc7 11. f4 Nd7 12. Nf3 Bd6 13. fxe5 Ndxe5 14. Nxe5 Bxe5 15. Nd2 a6 16. Nf3 Bxf3 17. Rxf3 h5 18. Bf4 h4 19. Raf1 hxg3 20. Bxg3 f6 21. Qc2 Ke7 22. Qf2 Rh6 23. Bxe5 Nxe5 24. Rg3 Rg8 25. Qd2 g5 26. Rf5 Qd6 27. a3 Kd8 28. b4 b6 29. bxc5 bxc5 30. Rf1 Qb6 31. Qc2 Rh7 32. Rb1 Qa7 33. Qa4 Rb7 34. Rxb7 Qxb7 35. Qa5+ Qc7 36. Qxa6 Ke7 37. Rh3 Rg7 38. Bf1 g4 39. Rh6 Nd7 40. Rh5 g3 41. e5 gxh2+ 42. Kf2 Nxe5 43. Bh3 Nxd3+ 44. Kf3 h1=Q+ 0-1

[Event "Huddersfield 4NCL Open"]
[Site "Huddersfield"]
[Date "2025.01.19"]
[Round "5.15"]
[White "Cast, Julian"]
[Black "Sanada, Tetsuaki"]
[Result "0-1"]
[WhiteElo "2005"]
[BlackElo "2058"]
[PlyCount "120"]
[EventDate "2025.01.17"]
[EventType "swiss"]
[EventRounds "5"]
[EventCountry "ENG"]
[SourceTitle "BritBase"]
[Source "John Saunders"]
[SourceDate "2025.09.16"]
[SourceVersion "1"]
[SourceVersionDate "2025.09.16"]
[SourceQuality "1"]

1. d4 d5 2. Nf3 Nf6 3. e3 g6 4. b3 Bg7 5. Bd3 O-O 6. Bb2 c5 7. O-O b6 8. Qe2 Bb7 9. dxc5 bxc5 10. c4 e6 11. Rd1 Nbd7 12. Nc3 Qe7 13. Rac1 Rfd8 14. Na4 Nb6 15. Nc3 Rac8 16. cxd5 exd5 17. Ba6 Bxa6 18. Qxa6 Ne4 19. Na4 Bxb2 20. Nxb2 Qf6 21. Nd3 c4 22. bxc4 dxc4 23. Nde5 Re8 24. Ng4 Qe6 25. h3 h5 26. Ngh2 Nxf2 27. Kxf2 Qxe3+ 28. Kf1 Nd5 29. Re1 Qc5 30. Rxe8+ Rxe8 31. Qa4 Re7 32. Re1 Ne3+ 33. Rxe3 Rxe3 34. Ne1 Re4 35. Qc2 Qe3 36. Nhf3 g5 37. Qd2 Qxd2 38. Nxd2 Rf4+ 39. Ke2 c3 40. Nb3 Ra4 41. Nc1 Re4+ 42. Kf2 f5 43. Ned3 Kf7 44. Ne2 c2 45. Ke1 Ra4 46. Nec1 Kf6 47. Kd2 Rc4 48. Ne1 g4 49. hxg4 fxg4 50. Nxc2 h4 51. Ne3 Rd4+ 52. Ke2 h3 53. gxh3 gxh3 54. Nf1 Rc4 55. Kd2 Kg5 56. Ne2 Ra4 57. Nc3 Ra3 58. Kc2 Kg4 59. Kb2 Ra6 60. Ne2 Kf3 0-1

[Event "Huddersfield 4NCL Open"]
[Site "Huddersfield"]
[Date "2025.01.19"]
[Round "5.16"]
[White "Rughani, Mahin"]
[Black "Waterfield, Mark B"]
[Result "1/2-1/2"]
[WhiteElo "2055"]
[BlackElo "1917"]
[PlyCount "120"]
[EventDate "2025.01.17"]
[EventType "swiss"]
[EventRounds "5"]
[EventCountry "ENG"]
[SourceTitle "BritBase"]
[Source "John Saunders"]
[SourceDate "2025.09.16"]
[SourceVersion "1"]
[SourceVersionDate "2025.09.16"]
[SourceQuality "1"]

1. d4 d5 2. c4 e6 3. Nf3 c5 4. g3 Nc6 5. Bg2 Nf6 6. O-O Be7 7. Bf4 O-O 8. Nc3 a6 9. dxc5 Bxc5 10. cxd5 exd5 11. Qc2 Bg4 12. Ne5 Nd4 13. Qd2 Bf5 14. Rac1 Rc8 15. Rfd1 Ba7 16. Be3 Nc6 17. Bxa7 Nxa7 18. Nxd5 Rxc1 19. Qxc1 Nxd5 20. Bxd5 Qe7 21. Qe3 Nb5 22. Nxf7 Qxe3 23. Ng5+ Kh8 24. fxe3 h6 25. Nf3 Nd6 26. Nh4 Bh7 27. Bf3 Nc4 28. Bxb7 Nxe3 29. Rc1 a5 30. Bf3 a4 31. Ng2 Nc2 32. Nf4 Rb8 33. Nd3 Bxd3 34. exd3 Rxb2 35. Be4 Rxa2 36. d4 Ra1 37. Rxa1 Nxa1 38. Kf2 a3 39. Bb1 Kg8 40. Ke3 Kf8 41. Kd2 Nb3+ 42. Kc3 Nc1 43. Be4 a2 44. Kb2 a1=Q+ 45. Kxa1 Nb3+ 46. Kb2 Nxd4 47. Kc3 Ne6 48. Bd5 Nc7 49. Bc4 Ke7 50. Kd4 Kf6 51. Ke4 Ne6 52. h4 Nc5+ 53. Kd5 Nd7 54. Be2 Ne5 55. Ke4 Nf7 56. Bh5 Nd6+ 57. Kf4 Nf5 58. Bg4 g5+ 59. hxg5+ hxg5+ 60. Kf3 Nxg3 1/2-1/2

[Event "Huddersfield 4NCL Open"]
[Site "Huddersfield"]
[Date "2025.01.19"]
[Round "5.17"]
[White "Sharma, Devesh"]
[Black "Ganti, Shriaansh"]
[Result "1/2-1/2"]
[WhiteElo "1780"]
[BlackElo "2036"]
[PlyCount "218"]
[EventDate "2025.01.17"]
[EventType "swiss"]
[EventRounds "5"]
[EventCountry "ENG"]
[SourceTitle "BritBase"]
[Source "John Saunders"]
[SourceDate "2025.09.16"]
[SourceVersion "1"]
[SourceVersionDate "2025.09.16"]
[SourceQuality "1"]

1. e4 c5 2. Nf3 Nc6 3. d4 cxd4 4. Nxd4 Nf6 5. Nc3 e5 6. Ndb5 d6 7. Nd5 Nxd5 8. exd5 Nb8 9. c4 Be7 10. Be2 O-O 11. O-O a6 12. Nc3 f5 13. Kh1 Bf6 14. f4 Nd7 15. Be3 exf4 16. Bxf4 Be5 17. Qd2 Qh4 18. Rf3 Bxf4 19. Rxf4 Qh6 20. Raf1 Ne5 21. Qd4 g5 22. R4f2 Bd7 23. b3 g4 24. g3 Rae8 25. b4 Bc8 26. c5 Qg7 27. a4 Nf7 28. Qxg7+ Kxg7 29. c6 Re3 30. Nd1 Ra3 31. a5 Rb3 32. cxb7 Bxb7 33. Rxf5 Rxb4 34. h3 gxh3 35. Bh5 Kh6 36. Bxf7 Rxf7 37. Rxf7 Bxd5+ 38. Kh2 Bxf7 39. Rxf7 Rb5 40. Rf6+ Kg7 41. Rxd6 Rxa5 42. Kxh3 Ra1 43. Ne3 a5 44. Ra6 a4 45. Kg4 Kf7 46. Kf4 Ra2 47. Kf5 Rf2+ 48. Ke4 Ra2 49. Nc4 Ra1 50. Kf5 Rf1+ 51. Kg4 Ra1 52. Nb6 a3 53. Nc4 a2 54. Ne3 Re1 55. Nc2 Rh1 56. Rxa2 h5+ 57. Kf5 h4 58. Ra7+ Kf8 59. gxh4 Rxh4 60. Ne3 Rh5+ 61. Kg6 Rc5 62. Ng4 Ke8 63. Kf6 Kd8 64. Ke6 Rc6+ 65. Kd5 Rc7 66. Ra8+ Ke7 67. Rh8 Rd7+ 68. Ke5 Rd1 69. Nf2 Re1+ 70. Ne4 Kd7 71. Rh6 Kc7 72. Rf6 Kd7 73. Kd5 Rd1+ 74. Kc4 Rc1+ 75. Kd3 Rd1+ 76. Ke3 Re1+ 77. Kd3 Rd1+ 78. Kc2 Rd4 79. Nc5+ Ke7 80. Re6+ Kf7 81. Kc3 Rd5 82. Rc6 Rd1 83. Nd3 Rh1 84. Kc4 Rh4+ 85. Kd5 Rh1 86. Ne5+ Kg7 87. Rc7+ Kf6 88. Rf7+ Kg5 89. Ke6 Rh6+ 90. Ke7 Ra6 91. Nd7 Ra1 92. Kf8 Kg4 93. Ne5+ Kg3 94. Kg7 Ra5 95. Kf6 Ra1 96. Kg5 Ra5 97. Rf3+ Kg2 98. Rf5 Ra8 99. Ng6 Ra1 100. Nh4+ Kg1 101. Kg4 Ra8 102. Nf3+ Kf2 103. Rf4 Ke3 104. Ng5 Kd3 105. Kf3 Kc2 106. Ne4 Kb3 107. Ke3 Kb2 108. Nc5 Re8+ 109. Kd2 Rd8+ 1/2-1/2

[Event "Huddersfield 4NCL Open"]
[Site "Huddersfield"]
[Date "2025.01.19"]
[Round "5.18"]
[White "Rich, Aaron"]
[Black "Booth, Steven B"]
[Result "1-0"]
[WhiteElo "2057"]
[BlackElo "1999"]
[PlyCount "75"]
[EventDate "2025.01.17"]
[EventType "swiss"]
[EventRounds "5"]
[EventCountry "ENG"]
[SourceTitle "BritBase"]
[Source "John Saunders"]
[SourceDate "2025.09.16"]
[SourceVersion "1"]
[SourceVersionDate "2025.09.16"]
[SourceQuality "1"]

1. b3 d5 2. Bb2 Bf5 3. e3 Nf6 4. f4 c5 5. Nf3 e6 6. Bb5+ Nc6 7. Bxc6+ bxc6 8. O-O Bd6 9. d3 O-O 10. Nbd2 Qe7 11. Qe1 a5 12. e4 Bxf4 13. exf5 d4 14. Nc4 Nd5 15. Ba3 Be3+ 16. Nxe3 Nxe3 17. Rf2 Nxf5 18. Qe5 Qd7 19. Bxc5 Rfd8 20. Re1 a4 21. b4 Qb7 22. Nxd4 Rd5 23. Qf4 Nxd4 24. Bxd4 Re8 25. Bc3 f6 26. h4 a3 27. Qg4 Kf7 28. Ref1 e5 29. Qh5+ Kf8 30. Qxh7 Qa7 31. h5 Re7 32. h6 gxh6 33. Qh8+ Kf7 34. Qxf6+ Kg8 35. Qf8+ Kh7 36. Kh1 Rdd7 37. Qf5+ Kg8 38. Qg6+ 1-0

[Event "Huddersfield 4NCL Open"]
[Site "Huddersfield"]
[Date "2025.01.19"]
[Round "5.19"]
[White "Collinson, Mark I"]
[Black "Sasikumar, Srivathsan"]
[Result "1/2-1/2"]
[WhiteElo "1989"]
[BlackElo "2047"]
[PlyCount "116"]
[EventDate "2025.01.17"]
[EventType "swiss"]
[EventRounds "5"]
[EventCountry "ENG"]
[SourceTitle "BritBase"]
[Source "John Saunders"]
[SourceDate "2025.09.16"]
[SourceVersion "1"]
[SourceVersionDate "2025.09.16"]
[SourceQuality "1"]

1. d4 Nf6 2. c4 e6 3. g3 d5 4. Bg2 c6 5. Nf3 Nbd7 6. O-O Be7 7. b3 O-O 8. Nc3 b6 9. Bb2 Bb7 10. Rc1 Rc8 11. Re1 c5 12. cxd5 exd5 13. e3 Qc7 14. dxc5 bxc5 15. Nh4 Nb6 16. Nf5 Rfe8 17. a4 Rcd8 18. Nb5 Qd7 19. Nxe7+ Qxe7 20. Bxf6 Qxf6 21. Rxc5 a6 22. Nd4 Nd7 23. Rc7 Qb6 24. Qc2 Rc8 25. Rxc8 Rxc8 26. Qf5 Nf6 27. Qg5 h6 28. Qf5 Qb4 29. Rd1 Qa3 30. Bf3 Rc3 31. Qe5 Rc8 32. g4 Re8 33. Qc7 Bc8 34. h3 Ne4 35. Bxe4 dxe4 36. Rc1 h5 37. Qc5 Qxc5 38. Rxc5 hxg4 39. h4 g6 40. Kg2 Kg7 41. Kg3 f5 42. Kf4 Kh6 43. Rc6 Kh5 44. b4 Kxh4 45. Rxg6 Kh3 46. b5 axb5 47. axb5 Kg2 48. Nxf5 Kxf2 49. Nd6 Rf8+ 50. Kxe4 g3 51. Nxc8 Rxc8 52. Kd5 g2 53. b6 g1=Q 54. Rxg1 Kxg1 55. b7 Rb8 56. Kc6 Kf2 57. Kc7 Rxb7+ 58. Kxb7 Kxe3 1/2-1/2

[Event "Huddersfield 4NCL Open"]
[Site "Huddersfield"]
[Date "2025.01.19"]
[Round "5.20"]
[White "Ter-Gevorkian, Aram"]
[Black "Pitel, Benedikt"]
[Result "0-1"]
[WhiteElo "2045"]
[BlackElo "1890"]
[PlyCount "44"]
[EventDate "2025.01.17"]
[EventType "swiss"]
[EventRounds "5"]
[EventCountry "ENG"]
[SourceTitle "BritBase"]
[Source "John Saunders"]
[SourceDate "2025.09.16"]
[SourceVersion "1"]
[SourceVersionDate "2025.09.16"]
[SourceQuality "1"]

1. d4 d5 2. e3 Nf6 3. b3 Bf5 4. h4 e6 5. Be2 h6 6. g4 Be4 7. Rh3 Bg2 8. Rh2 Be4 9. f3 Bg6 10. Bd3 Bxd3 11. cxd3 Bd6 12. f4 Nbd7 13. Ba3 Bxa3 14. Nxa3 c5 15. Nc2 Qa5+ 16. Kf2 O-O-O 17. h5 Kb8 18. Kg3 Qa6 19. Nf3 g5 20. Ne5 gxf4+ 21. exf4 Rdg8 22. dxc5 Nxe5 0-1

[Event "Huddersfield 4NCL Open"]
[Site "Huddersfield"]
[Date "2025.01.19"]
[Round "5.21"]
[White "Keely, Leo A"]
[Black "Burke, Mitchell R"]
[Result "0-1"]
[WhiteElo "1959"]
[BlackElo "2076"]
[PlyCount "90"]
[EventDate "2025.01.17"]
[EventType "swiss"]
[EventRounds "5"]
[EventCountry "ENG"]
[SourceTitle "BritBase"]
[Source "John Saunders"]
[SourceDate "2025.09.16"]
[SourceVersion "1"]
[SourceVersionDate "2025.09.16"]
[SourceQuality "1"]

1. d4 Nf6 2. c4 g6 3. Nc3 Bg7 4. e4 d6 5. Bd3 O-O 6. Nge2 c5 7. d5 a6 8. a4 e6 9. O-O exd5 10. cxd5 Nbd7 11. h3 Qc7 12. b3 Re8 13. Bb2 Rb8 14. f3 Ne5 15. Bc4 Bd7 16. a5 b5 17. axb6 Rxb6 18. Qc2 Qb7 19. Rab1 Rb8 20. Ba1 Rb4 21. Na2 Nxc4 22. Nxb4 Ne3 23. Qd3 Nxf1 24. Nc6 Bxc6 25. dxc6 Qxc6 26. Kxf1 Rd8 27. Kg1 d5 28. Nf4 d4 29. Bb2 Bh6 30. Bc1 Qb5 31. Qd1 c4 32. Nd5 Nxd5 33. exd5 Bxc1 34. Qxc1 c3 35. Ra1 Qxd5 36. Qc2 Qc5 37. Qd3 Qb5 38. Qc2 Re8 39. Rd1 Qe2 40. Qxe2 Rxe2 41. Kf1 Rb2 42. Ke1 c2 43. Rc1 Rb1 44. Kd2 Rxc1 45. Kxc1 d3 0-1

[Event "Huddersfield 4NCL Open"]
[Site "Huddersfield"]
[Date "2025.01.19"]
[Round "5.22"]
[White "Patel, Keatan"]
[Black "Graham, Oliver"]
[Result "1-0"]
[WhiteElo "2090"]
[BlackElo "1878"]
[PlyCount "147"]
[EventDate "2025.01.17"]
[EventType "swiss"]
[EventRounds "5"]
[EventCountry "ENG"]
[SourceTitle "BritBase"]
[Source "John Saunders"]
[SourceDate "2025.09.16"]
[SourceVersion "1"]
[SourceVersionDate "2025.09.16"]
[SourceQuality "1"]

1. e4 e5 2. Nf3 Nc6 3. Bc4 Be7 4. d4 exd4 5. Nxd4 d6 6. Nc3 Nf6 7. O-O O-O 8. h3 Bd7 9. Be3 Nxd4 10. Qxd4 Be6 11. Bxe6 fxe6 12. Rad1 c6 13. e5 Nd5 14. exd6 Bxd6 15. Ne4 Bc7 16. c4 Nxe3 17. Qxe3 Qe7 18. Nc5 Bb6 19. Qxe6+ Qf7 20. Qxf7+ Rxf7 21. Ne4 Bc7 22. b3 b6 23. Rfe1 h6 24. Nd6 Bxd6 25. Rxd6 c5 26. Red1 Re8 27. Rd8 Rxd8 28. Rxd8+ Kh7 29. f3 Re7 30. Kf2 Kg6 31. g4 Kg5 32. Rd5+ Kg6 33. f4 Kf7 34. Rd6 Ke8 35. h4 Kf7 36. Rd5 Kg8 37. f5 Re4 38. Kf3 Re7 39. Rd3 Kf7 40. Kf4 Kf8 41. g5 hxg5+ 42. hxg5 Re2 43. a4 Rf2+ 44. Rf3 Rd2 45. Ke5 Ke7 46. Rh3 Rg2 47. Re3 Rg4 48. f6+ Kf8 49. Kf5 Rg2 50. fxg7+ Kxg7 51. Re7+ Kf8 52. Rxa7 Rg3 53. Kg6 Rxb3 54. Ra8+ Ke7 55. Kg7 Rb4 56. a5 bxa5 57. Rxa5 Rxc4 58. g6 Kd6 59. Kf8 Rf4+ 60. Kg8 Kd5 61. g7 Rg4 62. Kf7 Rf4+ 63. Kg6 Rg4+ 64. Kf6 Rg1 65. Ra7 c4 66. Ra5+ Kd4 67. Rg5 Rxg5 68. Kxg5 c3 69. g8=Q c2 70. Qh8+ Kd3 71. Qb2 Kd2 72. Kf4 Kd1 73. Kf3 c1=Q 74. Qe2# 1-0

[Event "Huddersfield 4NCL Open"]
[Site "Huddersfield"]
[Date "2025.01.19"]
[Round "5.23"]
[White "Nezis, Anastasios"]
[Black "Doran, Chris"]
[Result "0-1"]
[WhiteElo "1811"]
[BlackElo "2045"]
[PlyCount "58"]
[EventDate "2025.01.17"]
[EventType "swiss"]
[EventRounds "5"]
[EventCountry "ENG"]
[SourceTitle "BritBase"]
[Source "John Saunders"]
[SourceDate "2025.09.16"]
[SourceVersion "1"]
[SourceVersionDate "2025.09.16"]
[SourceQuality "1"]

1. Nf3 Nf6 2. c4 g6 3. Nc3 Bg7 4. e4 d6 5. d4 O-O 6. Bd3 c5 7. O-O cxd4 8. Nxd4 Nc6 9. Nc2 Be6 10. Ne3 Rc8 11. Rb1 Nd7 12. Ncd5 Nc5 13. Bc2 a5 14. b3 Nd4 15. Bb2 Nxc2 16. Qxc2 Bxd5 17. exd5 Bxb2 18. Qxb2 Qd7 19. Qd4 b5 20. Rfe1 Rb8 21. cxb5 Rxb5 22. Rb2 Rb4 23. Nc4 a4 24. Re3 axb3 25. axb3 Rfb8 26. Qd1 Rxc4 27. Rbe2 Rxb3 28. Rxe7 Qf5 29. Re1 Rb2 0-1

[Event "Huddersfield 4NCL Open"]
[Site "Huddersfield"]
[Date "2025.01.19"]
[Round "5.24"]
[White "Gunarathne, Senith"]
[Black "Burke, Alex"]
[Result "1-0"]
[WhiteElo "1922"]
[BlackElo "1952"]
[PlyCount "69"]
[EventDate "2025.01.17"]
[EventType "swiss"]
[EventRounds "5"]
[EventCountry "ENG"]
[SourceTitle "BritBase"]
[Source "John Saunders"]
[SourceDate "2025.09.16"]
[SourceVersion "1"]
[SourceVersionDate "2025.09.16"]
[SourceQuality "1"]

1. e4 e6 2. d4 d5 3. exd5 exd5 4. Bd3 Nc6 5. Nf3 Nb4 6. Bb5+ c6 7. Ba4 Bf5 8. O-O Bd6 9. c3 Na6 10. Qe2+ Ne7 11. Bxc6+ bxc6 12. Qxa6 f6 13. b3 Kf7 14. Ba3 g5 15. Bxd6 Qxd6 16. Nbd2 Ng6 17. c4 g4 18. c5 Qc7 19. Ne1 Nf4 20. f3 h5 21. g3 Nh3+ 22. Kg2 Kg6 23. Nd3 Rae8 24. Rae1 Rxe1 25. Rxe1 gxf3+ 26. Nxf3 Be4 27. Kxh3 Bxf3 28. Nf4+ Kf7 29. Kh4 Bg4 30. Qd3 f5 31. Ne6 Qd7 32. Ng5+ Kf8 33. Qe3 Qd8 34. Qe6 Rh7 35. Qd6+ 1-0

[Event "Huddersfield 4NCL Open"]
[Site "Huddersfield"]
[Date "2025.01.19"]
[Round "5.25"]
[White "Rich, Ben S"]
[Black "Wedge, David C"]
[Result "1-0"]
[WhiteElo "1940"]
[BlackElo "1899"]
[PlyCount "65"]
[EventDate "2025.01.17"]
[EventType "swiss"]
[EventRounds "5"]
[EventCountry "ENG"]
[SourceTitle "BritBase"]
[Source "John Saunders"]
[SourceDate "2025.09.16"]
[SourceVersion "1"]
[SourceVersionDate "2025.09.16"]
[SourceQuality "1"]

1. a3 e5 2. c4 d6 3. b4 Nf6 4. Bb2 Be7 5. d3 O-O 6. Nd2 Be6 7. Ngf3 h6 8. e3 a5 9. Be2 axb4 10. axb4 Rxa1 11. Qxa1 Nh7 12. d4 f6 13. h4 b6 14. Qb1 Re8 15. Bd3 Nf8 16. Rg1 c5 17. d5 Bf7 18. b5 Nbd7 19. g4 g5 20. hxg5 fxg5 21. Rh1 Kg7 22. Ne4 Ng6 23. Ng3 Bf8 24. Nf5+ Kh7 25. Rh5 Bg7 26. Nxg5+ Qxg5 27. Rxg5 hxg5 28. Nxd6 e4 29. Nxe8 Bxb2 30. Qxb2 Bxe8 31. Bxe4 Kg8 32. Bxg6 Bxg6 33. f4 1-0